[Event "Festival delle Rose A"]
[Site "Arco ITA"]
[Date "1993.02.??"]
[Round "3"]
[White "Dragojlovic, Andjelko"]
[Black "Luciani, Valerio"]
[WhiteElo "2385"]
[BlackElo "1926"]
[Result "0-1"]
[PlyCount "72"]
[EventDate "1993.02.22"]

1. e4 e6 2. d4 d5 3. Nc3 Bb4 4. e5 c5 5. a3 Bxc3+ 6. bxc3 Ne7 7. h4 Qa5 8. Bd2
Qa4 9. Qb1 c4 10. h5 h6 11. Nf3 Nbc6 12. g4 Bd7 13. Bh3 O-O-O 14. g5 hxg5 15.
Nxg5 Rdf8 16. Qd1 Kb8 17. Bg4 Nd8 18. Bf4 Ka8 19. Nf3 Be8 20. Kd2 Nec6 21. Qe2
Qa5 22. h6 gxh6 23. Rxh6 Rxh6 24. Bxh6 Rg8 25. Bh5 Ne7 26. Nh4 Ndc6 27. Be3 b5
28. Qd1 Rh8 29. Qf3 b4 30. cxb4 c3+ 31. Kxc3 Nxb4 32. Kb2 Nxc2 33. Qf6 Nxe3 34.
fxe3 Qd2+ 35. Kb1 Rg8 36. Ng6 Ba4 0-1

[Event "Festival delle Rose A"]
[Site "Arco ITA"]
[Date "1993.02.??"]
[Round "7"]
[White "Luciani, Valerio"]
[Black "Drazic, Sinisa"]
[WhiteElo "1926"]
[BlackElo "2410"]
[Result "0-1"]
[PlyCount "60"]
[EventDate "1993.02.22"]

1. d4 Nf6 2. c4 c5 3. Nf3 cxd4 4. Nxd4 b6 5. Nc3 Bb7 6. e3 a6 7. Nf3 e6 8. Be2
d6 9. O-O Nbd7 10. a3 Rc8 11. Bd2 Be7 12. Rc1 O-O 13. Qc2 Qc7 14. Qb1 Qb8 15.
b4 Rfe8 16. h3 Qa8 17. Qb3 Bf8 18. Rfd1 Rc7 19. Nb1 Ne4 20. Bc3 Rec8 21. Bb2 d5
22. Qa2 a5 23. bxa5 bxa5 24. cxd5 Bxd5 25. Qa1 Ndc5 26. Nd4 Nd6 27. f3 e5 28.
Nb5 Nxb5 29. Bxb5 Nb3 30. Rxc7 Rxc7 0-1